[Event "Deutsche Einzelmeisterschaft 2012"]
[Date "2012.03.02"]
[Round "1.1"]
[Board "1"]
[White "Fridman, Daniel"]
[Black "Pohl-Kuemmel, Jens-Uwe"]
[Result "1-0"]
[WhiteClock "00:44:00"]
[BlackClock "00:04:03"]
[WhiteElo "2653"]
[BlackElo "2319"]
[PlyCount "61"]

1. d4 d6 2. Nf3 Bg4 3. c4 Nd7 4. g3 Bxf3 5. exf3 g6 6. Bg2 Bg7 
7. O-O Ngf6 8. Nc3 O-O 9. Be3 c6 10. f4 e6 11. d5 exd5 12. cxd5 c5 
13. g4 Ne8 14. Rb1 Rb8 15. Ne4 b5 16. b4 c4 17. Bxa7 Ra8 18. Bd4 Bxd4 
19. Qxd4 Qb6 20. Qb2 Nc7 21. g5 Rae8 22. Rbd1 Re7 23. Rfe1 Rfe8 24. h4 Na6 
25. Qc3 Qc7 26. h5 gxh5 27. Kh2 h4 28. a3 Nab8 29. Qh3 Qa7 30. Nf6+ Nxf6 
31. gxf6 1-0

[Event "Deutsche Einzelmeisterschaft 2012"]
[Date "2012.03.02"]
[Round "1.2"]
[Board "2"]
[White "Kabisch, Thilo"]
[Black "Khenkin, Igor"]
[Result "1/2-1/2"]
[WhiteClock "00:00:00"]
[BlackClock "00:17:44"]
[WhiteElo "2319"]
[BlackElo "2632"]
[PlyCount "147"]

1. e4 c6 2. d4 d5 3. exd5 cxd5 4. c4 Nf6 5. Nc3 Nc6 6. Bg5 Be6 
7. a3 Qd7 8. Be2 Rd8 9. Bf3 dxc4 10. Bxf6 exf6 11. d5 Qe7 12. Kf1 Ne5 
13. Qa4+ Bd7 14. Qxa7 b5 15. Rd1 Qc5 16. Qa6 Rb8 17. d6 Nd3 18. Rd2 Qxd6 
19. Re2+ Kd8 20. Qa5+ Qb6 21. Qxb6+ Rxb6 22. Bd5 Be6 23. Nf3 b4 24. axb4 Bxb4 
25. Bxe6 fxe6 26. g3 Kd7 27. Kg2 Ra8 28. Rd1 Bd6 29. Rdd2 Rab8 30. Nd1 Rb4 
31. Nd4 e5 32. Nc2 Rb3 33. Nce3 Bb4 34. Nc3 Bxc3 35. bxc3 Rxc3 36. Nxc4 Ke6 
37. Ne3 Nc5 38. h4 h5 39. Nd5 Rc1 40. Nc7+ Kf5 41. Rc2 Rxc2 42. Rxc2 Nd3 
43. Ra2 Ne1+ 44. Kf1 Rb1 45. Nd5 Rc1 46. Ra4 Ke6 47. Ne3 Nc2+ 48. Ke2 Nxe3 
49. Kxe3 Kf5 50. Ra7 g6 51. f3 Rc2 52. Ra4 Rg2 53. Rb4 g5 54. hxg5 fxg5 
55. Rb8 Rxg3 56. Rf8+ Kg6 57. Ke4 h4 58. Ra8 Rg2 59. Ra6+ Kh5 60. Kxe5 h3 
61. Ra8 Kh4 62. f4 g4 63. Kf5 Rb2 64. Rh8+ Kg3 65. Kg5 h2 66. f5 Rb1 
67. Rxh2 Kxh2 68. Kxg4 Rg1+ 69. Kh5 Kg3 70. f6 Kf4 71. f7 Rg5+ 72. Kh6 Rf5 
73. Kg7 Rg5+ 74. Kf6 1/2-1/2

[Event "Deutsche Einzelmeisterschaft 2012"]
[Date "2012.03.02"]
[Round "1.3"]
[Board "3"]
[White "Buhmann, Rainer"]
[Black "Donchenko, Alexander"]
[Result "1/2-1/2"]
[WhiteClock "00:03:22"]
[BlackClock "00:09:31"]
[WhiteElo "2614"]
[BlackElo "2309"]
[PlyCount "67"]

1. d4 d5 2. Nf3 Nf6 3. c4 dxc4 4. e3 e6 5. Bxc4 c5 6. O-O Qc7 
7. Qe2 a6 8. a4 Nc6 9. Rd1 Bd6 10. dxc5 Bxc5 11. b3 O-O 12. Bb2 b6 
13. Nbd2 Bb7 14. Rac1 Rfd8 15. h3 Qe7 16. Bd3 h6 17. Nc4 Nb4 18. Bb1 Rxd1+ 
19. Rxd1 Rd8 20. Nfe5 Rxd1+ 21. Qxd1 Bd5 22. Nd3 Nxd3 23. Qxd3 Be4 24. Qd1 Bd5 
25. Qc2 Be4 26. Qc1 Bd5 27. b4 Bxb4 28. Nxb6 Bb7 29. Qc4 Qd6 30. Qd4 Qxd4 
31. Bxd4 Bc6 32. Bd3 Nd7 33. Nxd7 Bxd7 34. Bxa6 1/2-1/2

[Event "Deutsche Einzelmeisterschaft 2012"]
[Date "2012.03.02"]
[Round "1.6"]
[Board "6"]
[White "Nuber, Korbinian"]
[Black "Siebrecht, Sebastian"]
[Result "0-1"]
[WhiteClock "00:02:05"]
[BlackClock "00:15:10"]
[WhiteElo "2308"]
[BlackElo "2463"]
[PlyCount "74"]

1. e4 c5 2. Nc3 g6 3. Nf3 Bg7 4. g3 Nc6 5. Bg2 d6 6. O-O Nf6 
7. d3 O-O 8. Re1 e5 9. Nd2 Be6 10. Nc4 Qd7 11. a4 Bh3 12. Ne3 Nd4 
13. Bxh3 Qxh3 14. Nb5 Qd7 15. Nxd4 cxd4 16. Nc4 Rfe8 17. Bg5 Nh5 18. Qf3 h6 
19. Bd2 Rac8 20. a5 Kh7 21. h3 Nf6 22. Kh2 d5 23. exd5 Nxd5 24. Re2 f5 
25. Rae1 e4 26. dxe4 fxe4 27. Qb3 Qc6 28. Na3 Rf8 29. Bc1 a6 30. Kg1 Rf3 
31. c3 e3 32. Rf1 Rcf8 33. Qc4 Nxc3 34. Rc2 e2 35. Re1 Rxf2 36. Qxc6 Rf1+ 
37. Kh2 bxc6 0-1

[Event "Deutsche Einzelmeisterschaft 2012"]
[Date "2012.03.02"]
[Round "1.7"]
[Board "7"]
[White "Feuerstack, Aljoscha"]
[Black "Becker, Michael"]
[Result "1-0"]
[WhiteClock "00:02:31"]
[BlackClock "00:34:00"]
[WhiteElo "2438"]
[BlackElo "2301"]
[PlyCount "69"]

1. e4 c5 2. c3 d5 3. exd5 Qxd5 4. d4 Nf6 5. Nf3 Bg4 6. dxc5 Qxd1+ 
7. Kxd1 e6 8. b4 a5 9. a3 Nc6 10. Bb5 Be7 11. h3 Bxf3+ 12. gxf3 O-O 
13. Bb2 Nd5 14. Kc2 Rfd8 15. Nd2 Bf6 16. Nc4 axb4 17. axb4 Ne5 18. Rxa8 Rxa8 
19. Nd6 Rb8 20. Ra1 Nxf3 21. Ra7 Be5 22. Nxb7 Ng5 23. Kb3 Nc7 24. c4 Bf4 
25. Bc6 Nxh3 26. Nd6 Nxf2 27. Rxc7 h5 28. Rxf7 Nd3 29. Rxg7+ Kf8 30. Rf7+ Kg8 
31. Bd4 Bxd6 32. Rg7+ Kf8 33. cxd6 e5 34. Rh7 Kg8 35. Rb7 1-0

[Event "Deutsche Einzelmeisterschaft 2012"]
[Date "2012.03.02"]
[Round "1.10"]
[Board "10"]
[White "Schulz, Karsten"]
[Black "Svane, Rasmus"]
[Result "0-1"]
[WhiteClock "00:15:24"]
[BlackClock "00:02:29"]
[WhiteElo "2289"]
[BlackElo "2401"]
[PlyCount "102"]

1. Nf3 d5 2. e3 Nf6 3. d4 e6 4. Bd3 c5 5. b3 Nc6 6. Bb2 cxd4 
7. exd4 Bb4+ 8. c3 Bd6 9. O-O O-O 10. Re1 Qc7 11. c4 Rd8 12. Nc3 Bb4 
13. a3 Bxc3 14. Bxc3 b6 15. Rc1 Bb7 16. Qe2 dxc4 17. bxc4 Qd6 18. Red1 Qf4 
19. Qe3 Qxe3 20. fxe3 Ne7 21. a4 Be4 22. Bxe4 Nxe4 23. Nd2 Nxd2 24. Bxd2 Rac8 
25. a5 Rd7 26. axb6 axb6 27. Bb4 Nf5 28. Kf2 Ra7 29. Ra1 Rxa1 30. Rxa1 h5 
31. c5 bxc5 32. Bxc5 Rb8 33. Ra2 Rb3 34. e4 Ne3 35. h3 Nd1+ 36. Ke1 Nc3 
37. Ra8+ Kh7 38. e5 Rb2 39. g4 hxg4 40. hxg4 Rg2 41. Kf1 Rxg4 42. Kf2 Rf4+ 
43. Ke3 Nd5+ 44. Ke2 Kg6 45. Ra1 Kf5 46. Kd3 g5 47. Ra7 Rf3+ 48. Ke2 Ke4 
49. Ra8 g4 50. Rg8 Nf4+ 51. Kd1 Kd3 0-1

[Event "Deutsche Einzelmeisterschaft 2012"]
[Date "2012.03.02"]
[Round "1.11"]
[Board "11"]
[White "Libeau, Rene Andre"]
[Black "Bartsch, Berthold"]
[Result "1/2-1/2"]
[WhiteClock "00:05:51"]
[BlackClock "00:06:19"]
[WhiteElo "2399"]
[BlackElo "2284"]
[PlyCount "169"]

1. d4 Nf6 2. Nf3 d5 3. e3 c6 4. Bd3 Bg4 5. c4 e6 6. Qb3 Qb6 
7. Ne5 Bh5 8. Nc3 Nbd7 9. f4 Be7 10. O-O Qxb3 11. axb3 Nxe5 12. fxe5 Nd7 
13. cxd5 exd5 14. Bf5 Bg6 15. g4 a6 16. Bd2 f6 17. e6 Nf8 18. e4 dxe4 
19. Nxe4 O-O-O 20. Bb4 Bxf5 21. Bxe7 Bxe4 22. Bxd8 Nxe6 23. Bb6 h5 24. Rae1 Bd5 
25. Rf5 Kd7 26. Rxh5 Rxh5 27. gxh5 Bxb3 28. Re3 Bd1 29. h6 gxh6 30. Kf1 h5 
31. Ke1 Bc2 32. Kd2 Bg6 33. h4 Ke7 34. Bc5+ Kf7 35. Kc3 Bb1 36. Bd6 f5 
37. Re1 Be4 38. Be5 Nf8 39. Bf4 Ne6 40. Be5 a5 41. Ra1 b6 42. b4 axb4+ 
43. Kxb4 Bg2 44. Ra2 Bd5 45. Rf2 Be4 46. Kc3 Nf8 47. Rf1 Ng6 48. Bg3 Ke6 
49. Kc4 Kf6 50. Rf2 Ne7 51. Bf4 Nd5 52. Bd2 Ke6 53. Bh6 b5+ 54. Kc5 Nf6 
55. Ra2 Nd7+ 56. Kb4 Kd5 57. Ra7 Ke6 58. Bg5 Bf3 59. Ra6 Kd5 60. Ra7 Kd6 
61. Ra3 Be4 62. Ra8 Nb6 63. Rd8+ Ke6 64. Re8+ Kf7 65. Re7+ Kf8 66. Kc5 Nd5 
67. Re6 b4 68. Rxc6 b3 69. Rc8+ Kf7 70. Rb8 f4 71. Rxb3 f3 72. Rb2 Ke6 
73. Bd8 Kf5 74. Kd6 Nc3 75. Rd2 Kg4 76. Ba5 Ne2 77. Rxe2 fxe2 78. Ke5 Bb7 
79. Be1 Kf3 80. d5 Kg2 81. d6 Bc8 82. Kf4 Kf1 83. Bc3 e1=B 84. Bxe1 Kxe1 
85. Kg5 1/2-1/2

[Event "Deutsche Einzelmeisterschaft 2012"]
[Date "2012.03.02"]
[Round "1.12"]
[Board "12"]
[White "Scheider, Julian"]
[Black "Kotainy, Jens"]
[Result "0-1"]
[WhiteClock "00:02:08"]
[BlackClock "00:34:00"]
[WhiteElo "2275"]
[BlackElo "2392"]
[PlyCount "58"]

1. e4 e6 2. d4 d5 3. Nc3 Nf6 4. e5 Nfd7 5. f4 c5 6. Nf3 Nc6 
7. Be3 Be7 8. Be2 O-O 9. Qd2 b6 10. O-O f6 11. exf6 Nxf6 12. Kh1 Bb7 
13. Rad1 Rc8 14. Bg1 Bd6 15. Qe3 Qe7 16. Nb5 cxd4 17. Nfxd4 Nxd4 18. Nxd4 Ne4 
19. Bg4 Rf6 20. c3 Rcf8 21. Qh3 Bc8 22. g3 h5 23. Bxh5 e5 24. Qg2 exd4 
25. Rxd4 Rh6 26. Qf3 Nf6 27. g4 Nxh5 28. gxh5 Bc5 29. Rdd1 d4 0-1

[Event "Deutsche Einzelmeisterschaft 2012"]
[Date "2012.03.02"]
[Round "1.13"]
[Board "13"]
[White "Jorczik, Julian"]
[Black "Meissner, Felix"]
[Result "1/2-1/2"]
[WhiteClock "00:04:32"]
[BlackClock "00:03:04"]
[WhiteElo "2391"]
[BlackElo "2258"]
[PlyCount "72"]

1. d4 d5 2. c4 c6 3. e3 Nf6 4. Bd3 g6 5. Nf3 Bg7 6. O-O O-O 
7. Nc3 Bg4 8. h3 Bxf3 9. Qxf3 e6 10. cxd5 exd5 11. Rb1 a5 12. Bd2 Nbd7 
13. Rfc1 Re8 14. Qd1 Bf8 15. a3 Bd6 16. Qc2 Nf8 17. b4 axb4 18. axb4 Ne6 
19. Bf1 Qe7 20. Qb3 b5 21. Be1 Qb7 22. Nd1 Nd7 23. Nb2 Nb6 24. Nd3 Nc4 
25. Nc5 Qe7 26. Ra1 Nxc5 27. bxc5 Bc7 28. Bb4 f5 29. Ra2 Rxa2 30. Qxa2 Bb8 
31. Ra1 Qc7 32. g3 h5 33. h4 Kh7 34. Bg2 Re7 35. Qc2 Qc8 36. Bf3 Ra7 
1/2-1/2

[Event "Deutsche Einzelmeisterschaft 2012"]
[Date "2012.03.02"]
[Round "1.14"]
[Board "14"]
[White "Schuetze, Norman"]
[Black "Ohme, Melanie"]
[Result "0-1"]
[WhiteClock "00:00:57"]
[BlackClock "00:07:56"]
[WhiteElo "2258"]
[BlackElo "2387"]
[PlyCount "60"]

1. e4 d6 2. d4 Nf6 3. Nc3 g6 4. h3 Bg7 5. g4 h5 6. g5 Nfd7 
7. Be3 a6 8. f4 b5 9. Nf3 Bb7 10. d5 c5 11. a3 Qc7 12. Bg2 Nb6 
13. Qd3 N8d7 14. Bf2 Nc4 15. Rb1 Qa5 16. e5 dxe5 17. b4 cxb4 18. axb4 Qc7 
19. O-O exf4 20. Ne4 Rd8 21. Rbd1 O-O 22. d6 exd6 23. Bd4 Nde5 24. Qe2 Rfe8 
25. Nh4 f3 26. Nxf3 Nxf3+ 27. Bxf3 Bxe4 28. Bxe4 d5 29. Bxg7 Kxg7 30. Qf2 dxe4 
0-1

[Event "Deutsche Einzelmeisterschaft 2012"]
[Date "2012.03.02"]
[Round "1.15"]
[Board "15"]
[White "Koehler, Gerhard, Dr."]
[Black "Mueller, Oliver"]
[Result "1-0"]
[WhiteClock "00:00:00"]
[BlackClock "00:00:00"]
[WhiteElo "2122"]
[BlackElo "2327"]
[PlyCount "79"]

1. c4 e5 2. Nc3 Nf6 3. g3 d5 4. cxd5 Nxd5 5. Bg2 Nb6 6. Nf3 Nc6 
7. d3 Be7 8. O-O O-O 9. Be3 Re8 10. Rc1 Bf8 11. Ne4 Nd4 12. Nc5 Nf5 
13. Bd2 c6 14. b4 a5 15. bxa5 Nd7 16. Nb3 Ba3 17. Rc2 Qe7 18. e4 Nd6 
19. Ne1 Nb5 20. f4 exf4 21. gxf4 Nc5 22. f5 f6 23. Kh1 Rd8 24. Nxc5 Bxc5 
25. Rb2 Bd6 26. Rg1 Qe5 27. Qb3+ Kh8 28. Nf3 Qe8 29. a4 Nc7 30. Bb4 Bxb4 
31. Qxb4 Rxd3 32. Nh4 Na6 33. Qc4 Qd8 34. Bf1 Rd4 35. Qf7 Rd7 36. Ng6+ hxg6 
37. Qxg6 Re7 38. Rb3 Kg8 39. Bc4+ Kf8 40. Rh3 1-0

[Event "Deutsche Einzelmeisterschaft 2012"]
[Date "2012.03.02"]
[Round "1.16"]
[Board "16"]
[White "Andre, Gordon"]
[Black "Reipsch, Jens"]
[Result "0-1"]
[WhiteClock "00:30:00"]
[BlackClock "00:28:00"]
[WhiteElo "2384"]
[BlackElo "2217"]
[PlyCount "108"]

1. e4 e5 2. Nf3 Nc6 3. Bc4 Nf6 4. d3 Bc5 5. c3 a6 6. Nbd2 d6 
7. Bb3 Bg4 8. Nf1 Qd7 9. Qe2 h6 10. Bc2 Ba7 11. Ne3 Bh5 12. Nf5 O-O-O 
13. Nxg7 Bg6 14. Nh4 Rdg8 15. Ngf5 Bxf5 16. Nxf5 Rxg2 17. Be3 Bxe3 18. Nxe3 Rg6 
19. O-O-O Rhg8 20. Qf3 Nh7 21. Nf5 Ng5 22. Qe3 Kb8 23. h4 Ne6 24. h5 Rf6 
25. d4 exd4 26. cxd4 Nb4 27. Bb3 Ng5 28. a3 Qc6+ 29. Kb1 Qxe4+ 30. Qxe4 Nxe4 
31. Nxh6 Rxh6 32. axb4 Nxf2 33. Rhg1 Rxg1 34. Rxg1 Rxh5 35. Bxf7 Rh4 36. Rf1 Nd3 
37. Kc2 Nxb4+ 38. Kc3 Nc6 39. Rd1 Ka7 40. Be6 b5 41. b4 Kb6 42. Bd7 Rf4 
43. Rd3 Ne7 44. Be6 Nf5 45. Bd5 c6 46. Be6 Nh4 47. Rd1 Rf3+ 48. Kc2 Nf5 
49. Bxf5 Rxf5 50. Rh1 a5 51. bxa5+ Kxa5 52. Kd3 c5 53. Ke4 Rg5 54. d5 Re5+ 
0-1

[Event "Deutsche Einzelmeisterschaft 2012"]
[Date "2012.03.02"]
[Round "1.17"]
[Board "17"]
[White "Schindler, Christian"]
[Black "Wagner, Dennis"]
[Result "0-1"]
[WhiteClock "00:01:18"]
[BlackClock "00:01:04"]
[WhiteElo "2211"]
[BlackElo "2379"]
[PlyCount "76"]

1. d4 d5 2. c4 dxc4 3. e3 e5 4. Bxc4 exd4 5. exd4 Bd6 6. Nf3 Nf6 
7. Qe2+ Be7 8. O-O O-O 9. Re1 Bb4 10. Nc3 Nc6 11. a3 Ba5 12. b4 Bb6 
13. d5 Re8 14. Qd1 Rxe1+ 15. Qxe1 Nd4 16. Nxd4 Bxd4 17. Be3 Bxc3 18. Qxc3 Nxd5 
19. Bxd5 Qxd5 20. Qxc7 b6 21. Rc1 Bb7 22. Qg3 Rd8 23. Re1 h5 24. h4 Rd6 
25. Qg5 Qc6 26. f3 Qc3 27. Re2 Bxf3 28. Rf2 Bc6 29. Qe7 Rd7 30. Qg5 Rd3 
31. Bf4 f6 32. Qxh5 Qd4 33. Qe2 Be4 34. Kh2 Rxa3 35. Bg3 Re3 36. Qg4 Re1 
37. h5 Rh1+ 38. Kxh1 Bxg2+ 0-1

[Event "Deutsche Einzelmeisterschaft 2012"]
[Date "2012.03.02"]
[Round "1.18"]
[Board "18"]
[White "Dranischnikov, Egor"]
[Black "Riegler, Dieter"]
[Result "1-0"]
[WhiteClock "01:30:00"]
[BlackClock "01:30:00"]
[WhiteElo "2327"]
[BlackElo "2118"]
[PlyCount "77"]

1. d4 Nf6 2. Nf3 g6 3. c4 Bg7 4. Nc3 O-O 5. e4 d6 6. h3 e5 
7. d5 a5 8. Bg5 Na6 9. Nd2 c6 10. Be2 Bd7 11. g4 Nc5 12. Qc2 a4 
13. f3 Qa5 14. O-O cxd5 15. Nxd5 Nxd5 16. cxd5 b5 17. Rac1 Rac8 18. Qc3 Qb6 
19. Qe3 f6 20. Bh4 Qd8 21. b4 axb3 22. Nxb3 Nxb3 23. Rxc8 Qxc8 24. axb3 Qb7 
25. Ra1 Ra8 26. Rxa8+ Qxa8 27. Qb6 Bf8 28. Bxb5 Bxb5 29. Qxb5 Qa1+ 30. Kg2 Qb2+ 
31. Bf2 f5 32. gxf5 gxf5 33. exf5 Qd2 34. Qc4 Be7 35. h4 Kf7 36. b4 Kf6 
37. b5 Bd8 38. Qc8 Bb6 39. Qf8+ 1-0

[Event "Deutsche Einzelmeisterschaft 2012"]
[Date "2012.03.02"]
[Round "1.19"]
[Board "19"]
[White "Bastian, Herbert"]
[Black "Rolle, Eric"]
[Result "0-1"]
[WhiteClock "00:00:54"]
[BlackClock "00:03:01"]
[WhiteElo "2343"]
[BlackElo "2198"]
[PlyCount "78"]

1. e4 e5 2. Nf3 Nc6 3. Bc4 Nf6 4. d3 Be7 5. Bb3 O-O 6. O-O d6 
7. c3 h6 8. Re1 Kh8 9. Nbd2 Ng8 10. d4 Bf6 11. Nf1 Bg4 12. d5 Nce7 
13. h3 Bd7 14. N3h2 g6 15. f4 Bg7 16. Nf3 Nc8 17. Ng3 Nb6 18. fxe5 dxe5 
19. Be3 Qe7 20. c4 f5 21. exf5 gxf5 22. Nh5 e4 23. Nxg7 Qxg7 24. Ne5 Rae8 
25. c5 Kh7 26. cxb6 Qxe5 27. Bd4 Qg3 28. Re3 Qg6 29. Rc3 cxb6 30. Rc7 Re7 
31. Qd2 f4 32. Kh1 Qd6 33. Rac1 Bf5 34. Rxe7+ Nxe7 35. Bc3 Rg8 36. Rf1 e3 
37. Qd4 Qg6 38. Rg1 Be4 39. Bc2 Bxc2 0-1

[Event "Deutsche Einzelmeisterschaft 2012"]
[Date "2012.03.02"]
[Round "1.20"]
[Board "20"]
[White "Amos, Frank"]
[Black "Degtiarev, Evgeny"]
[Result "0-1"]
[WhiteClock "00:00:00"]
[BlackClock "00:07:21"]
[WhiteElo "2162"]
[BlackElo "2342"]
[PlyCount "122"]

1. e4 c5 2. Nf3 Nc6 3. d4 cxd4 4. Nxd4 g6 5. Nc3 d6 6. Be2 Nf6 
7. O-O Bg7 8. Nb3 O-O 9. f4 b5 10. Bf3 Qb6+ 11. Kh1 b4 12. Ne2 Ng4 
13. Bxg4 Bxg4 14. Qd3 a5 15. Be3 Qa6 16. Ned4 Qxd3 17. cxd3 Nxd4 18. Nxd4 Bxd4 
19. Bxd4 Be2 20. Rfe1 Bxd3 21. e5 d5 22. Rec1 Rfc8 23. Rc5 Rxc5 24. Bxc5 Rc8 
25. Rc1 d4 26. Kg1 f6 27. exf6 exf6 28. Kf2 Ba6 29. Ke1 Re8+ 30. Kd1 Re6 
31. Rc2 d3 32. Rf2 Kf7 33. f5 Rc6 34. Bd4 Rd6 35. fxg6+ hxg6 36. Be3 Ke6 
37. h4 Bc4 38. a3 b3 39. Bd2 a4 40. Bc3 f5 41. Kd2 Bd5 42. g3 Be4 
43. Rf4 Rd7 44. Rf2 Rc7 45. Rf1 Kd5 46. Rf2 Rh7 47. Bf6 Ke6 48. Bc3 Rh5 
49. Ke3 g5 50. Rh2 Kd5 51. Bf6 f4+ 52. gxf4 g4 53. Rd2 Bf5 54. Rh2 Rh6 
55. Bc3 Re6+ 56. Be5 Be4 57. Bc3 g3 58. Rd2 Rh6 59. f5 Rxh4 60. f6 g2 
61. Rd1 Rh1 0-1

[Event "Deutsche Einzelmeisterschaft 2012"]
[Date "2012.03.02"]
[Round "1.21"]
[Board "21"]
[White "Alber, Horst"]
[Black "Maehrlein, Christoph"]
[Result "1-0"]
[WhiteClock "00:02:33"]
[BlackClock "00:03:41"]
[WhiteElo "2340"]
[BlackElo "2134"]
[PlyCount "81"]

1. d4 Nf6 2. c4 e6 3. Nf3 d5 4. Nc3 Bb4 5. e3 O-O 6. Bd3 c5 
7. O-O dxc4 8. Bxc4 a6 9. Qe2 b5 10. Bb3 Bb7 11. Rd1 Qc7 12. a3 cxd4 
13. Nxd4 Bxc3 14. bxc3 e5 15. Nf5 Nc6 16. e4 Na5 17. Bd5 Bxd5 18. exd5 Qd7 
19. Nxg7 Nc4 20. Nh5 Nxh5 21. Qxh5 f5 22. Bg5 a5 23. Qh4 Ra6 24. a4 Rg6 
25. axb5 e4 26. d6 Rf7 27. Be7 Ne5 28. Kh1 Qxb5 29. c4 Qb2 30. Rab1 Qc2 
31. Rb8+ Kg7 32. Bf8+ Rxf8 33. Qe7+ Rf7 34. Qxe5+ Kh6 35. Qf4+ Kg7 36. Qe5+ Kh6 
37. Qf4+ Kg7 38. Rbb1 Qa4 39. c5 Qc6 40. Qe5+ Kh6 41. Qd5 1-0

[Event "Deutsche Einzelmeisterschaft 2012"]
[Date "2012.03.03"]
[Round "2.5"]
[Board "5"]
[White "Degtiarev, Evgeny"]
[Black "Feuerstack, Aljoscha"]
[Result "1/2-1/2"]
[WhiteClock "00:33:00"]
[BlackClock "00:01:09"]
[WhiteElo "2342"]
[BlackElo "2438"]
[PlyCount "86"]

1. d4 d5 2. Nf3 Nf6 3. c4 c6 4. e3 Bf5 5. Nc3 e6 6. Qb3 Qc7 
7. Nh4 Bg6 8. Nxg6 hxg6 9. g3 Nbd7 10. Bg2 Be7 11. O-O O-O 12. cxd5 exd5 
13. Qc2 Nb6 14. b3 Qd7 15. Bb2 Bb4 16. Ne2 Qf5 17. Qxf5 gxf5 18. Nf4 Ne4 
19. Rac1 a5 20. Nd3 Be7 21. a4 Nd7 22. f3 Ng5 23. Rfe1 Rfe8 24. h4 Ne6 
25. Bh3 g6 26. e4 dxe4 27. fxe4 fxe4 28. Bxe6 fxe6 29. Rxe4 Bd6 30. Rf1 Re7 
31. Nf4 Nf6 32. Rxe6 Rxe6 33. Nxe6 Nd5 34. Bc1 Bxg3 35. Bg5 Re8 36. Nd8 Ne3 
37. Rf6 Rxd8 38. Rxg6+ Kh7 39. Re6 Rxd4 40. Rxe3 Bxh4 41. Re7+ Kg6 42. Bxh4 Rxh4 
43. Rxb7 Kf5 1/2-1/2

[Event "Deutsche Einzelmeisterschaft 2012"]
[Date "2012.03.03"]
[Round "2.6"]
[Board "6"]
[White "Reipsch, Jens"]
[Black "Bluebaum, Matthias"]
[Result "0-1"]
[WhiteClock "00:12:18"]
[BlackClock "00:09:14"]
[WhiteElo "2217"]
[BlackElo "2407"]
[PlyCount "88"]

1. e4 e6 2. d4 d5 3. Nc3 Nf6 4. Bg5 dxe4 5. Nxe4 Be7 6. Nxf6+ Bxf6 
7. Bxf6 Qxf6 8. Nf3 O-O 9. c3 b6 10. Bd3 Bb7 11. Qe2 Bxf3 12. gxf3 Nd7 
13. O-O-O Rad8 14. h4 c5 15. Bc2 cxd4 16. cxd4 Qh6+ 17. Qe3 Nf6 18. Qxh6 gxh6 
19. f4 Rd5 20. f5 exf5 21. Bb3 Rd7 22. Rhg1+ Kh8 23. Rge1 Rfd8 24. Re5 Rxd4 
25. Rxf5 Rxd1+ 26. Bxd1 Kg7 27. Rf4 Re8 28. a4 Re4 29. Rxe4 Nxe4 30. Kc2 Nxf2 
31. Bf3 Kf6 32. Kc3 Ke5 33. Kc4 f5 34. Kb5 Nd3 35. b4 Kd6 36. a5 Kc7 
37. Be2 Ne5 38. Ka6 Nc6 39. Bd3 Nxb4+ 40. Kxa7 Nxd3 41. axb6+ Kd7 42. b7 Nb4 
43. Kb6 Nc6 44. Kc5 Kc7 0-1

[Event "Deutsche Einzelmeisterschaft 2012"]
[Date "2012.03.03"]
[Round "2.8"]
[Board "8"]
[White "Kotainy, Jens"]
[Black "Koehler, Gerhard, Dr."]
[Result "1-0"]
[WhiteClock "00:10:08"]
[BlackClock "00:13:51"]
[WhiteElo "2392"]
[BlackElo "2122"]
[PlyCount "91"]

1. e4 c5 2. c3 e6 3. d4 d5 4. exd5 exd5 5. Nf3 Nc6 6. Be3 cxd4 
7. Nxd4 Bd6 8. Bb5 Nge7 9. O-O O-O 10. Nd2 Ne5 11. N2f3 a6 12. Nxe5 Bxe5 
13. Bd3 Qd6 14. Qh5 g6 15. Qh4 Bf6 16. Bg5 Bxg5 17. Qxg5 Nc6 18. Nf3 f6 
19. Qh4 Ne5 20. Qg3 Nxf3+ 21. Qxf3 Be6 22. Rad1 Qb6 23. Rfe1 Bf7 24. Rd2 Rfe8 
25. Red1 Re5 26. h3 Rae8 27. Qf4 Kg7 28. Kh2 Qc6 29. Bc2 Qc4 30. Qxc4 dxc4 
31. Rd4 R8e7 32. R1d2 Ra5 33. a3 Rc5 34. Bd1 Be8 35. Be2 Bb5 36. h4 Kf7 
37. a4 Bxa4 38. Bxc4+ Kg7 39. Bxa6 Bc6 40. Bc4 Re1 41. Re2 Rb1 42. Re7+ Kh6 
43. Bg8 g5 44. Rxh7+ Kg6 45. h5+ Kf5 46. g4+ 1-0

[Event "Deutsche Einzelmeisterschaft 2012"]
[Date "2012.03.03"]
[Round "2.10"]
[Board "10"]
[White "Khenkin, Igor"]
[Black "Jorczik, Julian"]
[Result "1-0"]
[WhiteClock "00:06:54"]
[BlackClock "00:48:00"]
[WhiteElo "2632"]
[BlackElo "2391"]
[PlyCount "45"]

1. d4 Nf6 2. c4 g6 3. Nc3 Bg7 4. e4 d6 5. f3 O-O 6. Be3 a6 
7. Qd2 Nbd7 8. Nge2 c5 9. dxc5 dxc5 10. Rd1 Qc7 11. Nf4 e6 12. Nd3 b6 
13. Be2 Bb7 14. Bf4 Qc6 15. Nf2 Nh5 16. Bh6 Rfd8 17. Bxg7 Nxg7 18. Qg5 Qc7 
19. Ng4 f5 20. Nh6+ Kf8 21. O-O Qe5 22. f4 Qc7 23. e5 1-0

[Event "Deutsche Einzelmeisterschaft 2012"]
[Date "2012.03.03"]
[Round "2.12"]
[Board "12"]
[White "Bartsch, Berthold"]
[Black "Kabisch, Thilo"]
[Result "0-1"]
[WhiteClock "00:22:00"]
[BlackClock "00:22:00"]
[WhiteElo "2284"]
[BlackElo "2319"]
[PlyCount "124"]

1. Nc3 c5 2. e4 Nc6 3. g3 g6 4. Bg2 Bg7 5. d3 e6 6. Be3 d6 
7. Qd2 Rb8 8. f4 Nge7 9. Nf3 Nd4 10. O-O b5 11. g4 b4 12. Nd1 f5 
13. exf5 exf5 14. g5 h6 15. gxh6 Nxf3+ 16. Bxf3 Rxh6 17. d4 c4 18. d5 Qa5 
19. Bd4 Bxd4+ 20. Qxd4 Qb6 21. Qxb6 Rxb6 22. Ne3 Ba6 23. Rf2 Kd7 24. b3 Rh4 
25. Be2 c3 26. Re1 Bxe2 27. Rfxe2 Rb5 28. Nc4 Rh7 29. Rd1 Nxd5 30. Rd4 Re7 
31. Rxe7+ Kxe7 32. Kf2 Ke6 33. Kg3 Rb8 34. Rd1 Rd8 35. Re1+ Kf7 36. Rd1 Nf6 
37. Rd4 Ne4+ 38. Kg2 Ke6 39. Na5 Rh8 40. Rxb4 Rh4 41. Nc6 Rxf4 42. Kg1 a5 
43. Ra4 Rg4+ 44. Kf1 Nd2+ 45. Kf2 Rxa4 46. bxa4 Nc4 47. Ke2 g5 48. Nd4+ Ke5 
49. Kd3 d5 50. Kxc3 g4 51. Ne2 f4 52. Kd3 Nb2+ 53. Kd2 Nxa4 54. Ke1 Ke4 
55. Kf2 d4 56. Nc1 Nc5 57. Ne2 Na6 58. a3 Nc5 59. Ng1 d3 60. cxd3+ Nxd3+ 
61. Ke2 f3+ 62. Kd2 a4 0-1

[Event "Deutsche Einzelmeisterschaft 2012"]
[Date "2012.03.03"]
[Round "2.16"]
[Board "16"]
[White "Tabatt, Hendrik"]
[Black "Bastian, Herbert"]
[Result "0-1"]
[WhiteClock "00:23:00"]
[BlackClock "00:09:10"]
[WhiteElo "2296"]
[BlackElo "2343"]
[PlyCount "156"]

1. d4 Nf6 2. c4 d6 3. Nc3 g6 4. e4 Bg7 5. h3 O-O 6. Be3 e5 
7. d5 Na6 8. Bd3 Nc5 9. Bc2 a5 10. Nge2 Bd7 11. g4 c6 12. dxc6 Bxc6 
13. f3 Ne8 14. Qd2 a4 15. O-O Qb6 16. Rab1 Qb4 17. Nd5 Qxd2 18. Bxd2 Nf6 
19. Ne7+ Kh8 20. Rfd1 Rfb8 21. Bg5 Ne8 22. Nc3 Bd7 23. Be3 Be6 24. Ned5 Ra5 
25. Nb6 Bf6 26. Bxc5 Rxc5 27. Ncxa4 Rc6 28. Bd3 Bd8 29. Nd5 Ng7 30. Nac3 f5 
31. b3 h5 32. Ne3 Bb6 33. Kf2 f4 34. Ncd5 fxe3+ 35. Ke2 Bxd5 36. exd5 Rc7 
37. Bxg6 Rf8 38. Rg1 h4 39. Rg2 Rf4 40. Be4 Ne8 41. g5 Ng7 42. Bg6 Nf5 
43. Bxf5 Rxf5 44. Rg4 Kg8 45. Rbg1 Rh7 46. g6 Rh6 47. b4 Kg7 48. a4 Bd4 
49. a5 Rf8 50. c5 dxc5 51. bxc5 Bxc5 52. Rb1 Rb8 53. Rc4 Bd4 54. Rc7+ Kxg6 
55. a6 Kf5 56. axb7 Rb6 57. Rxb6 Bxb6 58. Rf7+ Kg6 59. Rd7 Ba7 60. Rc7 Kf6 
61. Rh7 Rd8 62. Rh6+ Ke7 63. Ra6 Bb8 64. Re6+ Kd7 65. Rc6 Bc7 66. Rh6 Rb8 
67. Kxe3 Rxb7 68. Rxh4 Rb3+ 69. Ke2 Kd6 70. Rc4 Bb6 71. Re4 Kxd5 72. h4 Rb2+ 
73. Kd1 Rf2 74. Rb4 Bd8 75. Rb3 Bxh4 76. Rd3+ Ke6 77. Ra3 Kf5 78. Re3 Bg3 
0-1

[Event "Deutsche Einzelmeisterschaft 2012"]
[Date "2012.03.03"]
[Round "2.17"]
[Board "17"]
[White "Pohl-Kuemmel, Jens-Uwe"]
[Black "Schuetze, Norman"]
[Result "1-0"]
[WhiteClock "00:28:00"]
[BlackClock "00:22:00"]
[WhiteElo "2319"]
[BlackElo "2258"]
[PlyCount "99"]

1. c4 Nf6 2. Nc3 d5 3. cxd5 Nxd5 4. g3 g6 5. Bg2 Nb6 6. Nf3 Bg7 
7. O-O Nc6 8. d3 e5 9. Be3 Nd4 10. Rc1 O-O 11. Ne4 Nd5 12. Bg5 f6 
13. Nxd4 exd4 14. Bd2 b6 15. Qb3 Be6 16. Rc6 Bf7 17. Nd6 cxd6 18. Bxd5 Rc8 
19. Rfc1 Rxc6 20. Rxc6 Qd7 21. Bxf7+ Rxf7 22. Qd5 Bf8 23. Bf4 Kg7 24. Bxd6 Be7 
25. b4 Bxd6 26. Rxd6 Qa4 27. Qxd4 Qd1+ 28. Kg2 Qxe2 29. a4 h5 30. h4 Qg4 
31. b5 Qxd4 32. Rxd4 Rc7 33. Kf3 Kf7 34. Ke3 Ke6 35. Rc4 Rf7 36. Ke4 Re7 
37. Rc6+ Kd7+ 38. Kd5 Re5+ 39. Kd4 Ke7 40. Rc7+ Kd6 41. Rc6+ Ke7 42. Rc7+ Kd6 
43. Rxa7 Rd5+ 44. Kc4 Rc5+ 45. Kb4 Rd5 46. Rb7 Rd4+ 47. Kc3 Rxa4 48. Rxb6+ Ke5 
49. Ra6 Rg4 50. b6 1-0